01832cam a22003854i 4500003000900000005001700009008004100026035002000067040003300087100004500120245010400165264001000269300002200279336002100301337002500322338002300347502005900370504002400429520081700453526001001270526001001280526000901290526000901299526000901308526000901317526000901326526000901335526000901344526000801353526000801361526000801369526000801377526000801385650005301393PE-LiUPU20250731165431.0160219s1999 pe a grm 000 0 spa d a(Sirsi) a156242 aPE-LiUPUbspacPE-LiUPUerda1 aPuente de la Vega Alvarez, Wilbereautor1 aSistemas de representación en la solución de problemas algebraicos /cWilber Puente de la Vega. 0c1999. a120 hojas c30 cm atext2rdacontent aunmediated2rdamedia avolume2rdacarrier aTesisb(Lic.) -- cUniversidad Peruana Unión,d1999. aIncluye referencias3 aLas paginas que integran el presente trabajo, es una investigación para probar la efectividad de un método denominado "Sistemas de representación en la solución de problemas algebraicos", que propone al alumno a actuar para adquirir los conocimientos, habilidades y actitudes necesarios para resolver cierto tipo de problemas algebraicos en el 3er año de educación secundaria. Por tanto, se tomo como muestras a las secciones "A" y "C" del 3er año de educación secundaria del turno mañana del colegio Nacional "Mariscal Ramón Castilla". Considerando estos dos grupos de estudiantes, sección "A" y sección "C", para comprobar si hay diferencia significativa en el rendimiento académico, se aplicó la distribución de Student denominada "prueba relativa a la diferencia de dos media". aSEG44 aSEG26 aP151 aP150 aP149 aP146 aP145 aP126 aP125 aP92 aP75 aP74 aP27 aP1504aDibujo geométricoxProblemas, ejercicios, etc.